Visualizzazione normale
Vista MARC
- Aragón (Reino)
di Geographic Name
Records bibliografici associati: 1
001 - CONTROL NUMBER
- control field: 11765
003 - CONTROL NUMBER IDENTIFIER
- control field: IT-RoINE
005 - DATE AND TIME OF LATEST TRANSACTION
- control field: 20141013145500.0
008 - FIXED-LENGTH DATA ELEMENTS
- fixed length control field: 140915|| aca||aabn | a|a d
040 ## - CATALOGING SOURCE
- Original cataloging agency: IT-RoINE
- Transcribing agency: IT-RoINE
151 ## - HEADING--GEOGRAPHIC NAME
- Geographic name: Aragón (Reino)
- General subdivision: Historia
- Chronological subdivision: Siglos 15o.-16o.
- Form subdivision: Congresos
670 ## - SOURCE DATA FOUND
- Source citation: Work cat.: (IT-RoINE)0: Congreso de Historia de la Corona de Aragón (9. 1973. Nápoles, Italia) 11764, La Corona de Aragón y el Mediterráneo :, 1984.